Word Ladder: Studio Ghibli Films Quiz Stats

 Plays Quiz Updated Feb 9, 2018

Challenge
Share
Tweet
Embed
Score 0/42 Timer 04:00
0 Plays Today
Clue 4-Letter Word % Correct
Not lessMORE
94.2%
Farm animal's homeBARN
91.7%
Now and ____THEN
90.4%
Opposite of fatTHIN
89.9%
Slang for marijuanaWEED
89.6%
Brought to lifeBORN
89.5%
To nourishFEED
89.2%
Cereal and milk vesselBOWL
88.9%
Occupational superiorBOSS
88.7%
Law examsBARS
88.2%
To fuse metal with heatWELD
87.9%
A type of guitar or a type of fishBASS
87.7%
RMS Titanic, USS Arizona, e.g.SHIP
87.7%
To lose one's balance on a slick surfaceSLIP
87.4%
Ripped, cut, shreddedTORN
87.3%
To strike with an open palmSLAP
87.2%
To grasp somethingHOLD
87.1%
Where the tibia is locatedSHIN
86.7%
Brave, brashBOLD
86.1%
He likes it shaken, not stirredBOND
85.7%
100% offFREE
85.1%
Clue 4-Letter Word % Correct
''I'm Too Sexy'' band Right Said ____FRED
84.3%
Bends, curves, flexesBOWS
83.3%
Archaic form of 'you'THEE
81.1%
To slowly rock side to sideSWAY
81.1%
To switch aroundSWAP
80.8%
Pesky blood-sucking arachnidMITE
79.3%
Swampy or boggy groundMIRE
79.1%
Totoro's home: the Camphor ____TREE
77.1%
____'s Moving CastleHOWL
77.1%
To give credit to a sourceCITE
75.9%
'__ it go?'HOW'D
75.1%
Minnesota's NHL teamWILD
73.6%
A tough positionBIND
72.3%
Spirited ____AWAY
72.2%
NausicaƤ of the Valley of the ____WIND
69%
Polynesian torches or masksTIKI
67.7%
Large American banking companyCITI
66.5%
Small South American monkeyTITI
55%
____'s Delivery ServiceKIKI
44.6%
Princess Mononoke's adoptive wolf motherMORO
30.8%
Popular sushi-grade tunaTORO
30.1%

Today's Daily Dose

Missing Word
Entertainment 'M'

Word Ladder
North Carolina

On This Day
January 16th II

You're not logged in!

Compare scores with friends on all Sporcle quizzes.
OR
Log In

You Might Also Like...

Show Comments

Extras

Top Quizzes Today


Score Distribution

Your Account Isn't Verified!

In order to create a playlist on Sporcle, you need to verify the email address you used during registration. Go to your Sporcle Settings to finish the process.

Report this User

Report this user for behavior that violates our Community Guidelines.

Details: